Library of the University of Algiers 3
Ibrahim Sultan Cheibout
شعار جامعة الجزائر 3
مكتبة جامعة الجزائر 3
إبراهيم سلطان شيبوط

دروس في المرسلات الادارية مع نماذج تطبيقية / (رقم التسجيلة. 42883)

تفاصيل مارك
000 -LEADER
fixed length control field 01071nam a2200193Ia 4500
003 - CONTROL NUMBER IDENTIFIER
control field Ost
005 - DATE AND TIME OF LATEST TRANSACTION
control field 20260507075110.0
008 - FIXED-LENGTH DATA ELEMENTS--GENERAL INFORMATION
fixed length control field 260507s9999||||xx |||||||||||||| ||und||
040 ## - CATALOGING SOURCE
Transcribing agency fsecg
041 ## - LANGUAGE CODE
Language code of text/sound track or separate title ara
082 ## - DEWEY DECIMAL CLASSIFICATION NUMBER
Classification number 330
100 ## - MAIN ENTRY--PERSONAL NAME
Personal name بوحميدة، عطاء الله
Relator term مؤلف
245 #0 - TITLE STATEMENT
Title دروس في المرسلات الادارية مع نماذج تطبيقية /
Statement of responsibility, etc. عطاء الله بوحميدة
260 ## - PUBLICATION, DISTRIBUTION, ETC.
Place of publication, distribution, etc. الجزائر:
Name of publisher, distributor, etc. ديوان المطبوعات الجامعية,
Date of publication, distribution, etc. 1999
300 ## - PHYSICAL DESCRIPTION
Extent 74 صفحة؛
Dimensions 24 سم
520 ## - SUMMARY, ETC.
Summary, etc. 1/ تعريف المراسلات الادارية 2/ الخصائص النوعية للتحرير الاداري 3/ الرسالة الادارية المرفقية 4/ الوثائق الادارية الأخرى غير الرسالة 5/ الوثائق المتعلقة بالاجتماعات 6/ فرز المراسلات - تسجيلها وحفظها 7/ النصوص القانونية (أنواعها ، ترتيبها ، شكلها)
653 ## - INDEX TERM--UNCONTROLLED
Uncontrolled term مراسلات ادارية
942 ## - ADDED ENTRY ELEMENTS (KOHA)
Koha item type كتب
المقتنيات
Withdrawn status Lost status Source of classification or shelving scheme Damaged status Not for loan Home library Current library Date acquired Serial enumeration / chronology Inventory number Total checkouts Full call number Barcode Date last seen Price effective from Koha item type
    Dewey Decimal Classification   NOT LOAN / إعارة داخلية مكتبة كلية العلوم الإقتصادية والعلوم التجارية وعلوم التسيير مكتبة كلية العلوم الإقتصادية والعلوم التجارية وعلوم التسيير 07/05/2026 الطابق الأرضي 1484/1   أ/1484ن1 1484/1 07/05/2026 07/05/2026 كتب

موارد الويب المفتوحة


© University of Algiers 3 All Rights Reserved
|
Implemented by LECHELAH Riad